LEADER 01297nam2-2200385---4500 001 990000832950203316 005 20101207100315.0 035 $a0083295 035 $aUSA010083295 035 $a(ALEPH)000083295USA01 035 $a0083295 100 $a20020103d1968----km-y0ENGy0103----ba 101 $aeng 102 $aUS 200 1 $a<> Taxes in Grain in Ptolemaic Egypt$egranary receipts from Diospolis Magna 164-88 C.C.$fZola M. Packman 210 $aNew Haven$cThe American society of papyrologists$d1968 215 $a84 p.$c1 c. di tav., 22 p. di tav., ill.$d29 cm 225 $aAmerican studies in papyrology$v4 461 1$10010104210$12001$aAmerican studies in papyrology$v, 4 606 $aGrano$xDazi$yEgitto$z164-88 a.C. 676 $a932.01 700 1$aPACKMAN,$bZola M.$0173111 801 0$aIT$bsalbc$gISBD 912 $a990000832950203316 951 $aFONDO$b120833 LM$cFONDO 959 $aBK 969 $aUMA 979 $aPATTY$b90$c20020103$lUSA01$h0912 979 $c20020403$lUSA01$h1729 979 $aPATRY$b90$c20040406$lUSA01$h1657 979 $aPATRY$b90$c20080626$lUSA01$h1429 979 $aPATRY$b90$c20080626$lUSA01$h1430 979 $aPATRY$b90$c20101207$lUSA01$h1003 996 $aTaxes in grain in Ptolemaic Egypt$9742188 997 $aUNISA